000 00460nam a22001697a 4500
003 MACL
005 20160129160649.0
008 160129b xxu||||| |||| 00| 0 eng d
040 _cMACL
041 _aEnglish
082 _a820.0954/MAH
100 _aMaheswari,Vinod Kumar
_935611
245 _aPerspectives on Indian English Literature
260 _aNew Delhi
_bAtlantic Publishers and Distributiors
_c2002
650 _aLiterature
_935612
942 _2ddc
_cBK
999 _c52925
_d52925